Catalog

Record Details

Catalog Search



Tři mušketýři  Cover Image Book Book

Tři mušketýři / Alexandre Dumas ; [přeložili Jaroslav a Růžena Pochovi ; ilustroval Pavel Brom s použitím původních xylografií Maurice Leloira a dobového materiálu ; překlad upravila Jitka Křesálková]

Record details

  • Physical Description: 305 s. : il. ; 31 cm
  • Edition: 3. vyd. v MF
  • Publisher: Praha : Mladá fronta, 1969

Content descriptions

General Note:
Přeloženo z francouzštiny
60000 výt.

Available copies

  • 1 of 1 copy available at Common Catalog SPOK.

Holds

  • 0 current holds with 1 total copy.
Show Only Available Copies
Location Call Number / Copy Notes Barcode Shelving Location Status Due Date
KDS Library 810 DuA 204576800296 Library Available -

LDR 01207nam a2200325 a 4500
00119933
003CZ-PrJAB
00520150702080731.0
007ta
008970712s1969 xr a 000 cze
015 . ‡acnb000124604
020 . ‡q(Váz.) : ‡cKčs 70,00
035 . ‡a(CZ PrNK)bk196904403
035 . ‡a(OCoLC)85220226
040 . ‡aABA001 ‡bcze ‡cABA001 ‡dABA001
0411 . ‡acze ‡hfre
080 . ‡a821.133.5 ‡2undef
1001 . ‡aDumas, Alexandre, ‡d1802-1870 ‡7jn19990001907 ‡4aut
24010. ‡aTrois mousquetaires. ‡lČesky
24510. ‡aTři mušketýři / ‡cAlexandre Dumas ; [přeložili Jaroslav a Růžena Pochovi ; ilustroval Pavel Brom s použitím původních xylografií Maurice Leloira a dobového materiálu ; překlad upravila Jitka Křesálková]
250 . ‡a3. vyd. v MF
260 . ‡aPraha : ‡bMladá fronta, ‡c1969 ‡f(Svoboda 4)
300 . ‡a305 s. : ‡bil. ; ‡c31 cm
500 . ‡aPřeloženo z francouzštiny
500 . ‡a60000 výt.
7001 . ‡aPoch, Jaroslav, ‡d1893-1958 ‡7jk01100325 ‡4trl
7001 . ‡aPochová, Růžena, ‡d1892-1978 ‡7jk01100350 ‡4trl
7001 . ‡aBrom, Pavel, ‡d1938-2009 ‡7jk01013163 ‡4ill
7001 . ‡aKřesálková, Jitka, ‡d1924- ‡7jk01070062 ‡4edt
910 . ‡aABE463
998 . ‡a000124604
901 . ‡a19933 ‡b ‡c19933 ‡tbiblio

Additional Resources